000 00693nam a2200229Ii 4500
003 JO-AjNU
005 20241112073316.0
008 230605s9999||||xx |||||||||||||| ||und||
017 _a1985/1125
040 _aJO-AjNU
_bara
_erda
_cJO-AjNU
041 _aara
050 1 4 _aDS288.K3588 1985
100 3 _aاحمد، كمال مطهر,
_eauthor
_917760
245 0 0 _aدراسات في تاريخ ايران الحديث والمعاصر
260 _aبغداد :
_bد.ن،
_c1985
300 _a334ص
336 _atext
_btxt
_2rdacontent
337 _aunmediated
_bn
_2rdamedia
338 _avolume
_bnc
_2rdacarrier
650 4 _aايران المعاصر-تاريخ
_917761
942 _2lcc
_cBK
999 _c9123
_d9123